000 01042cam a2200265 4500
008 000000n2002 000 0 eng u
020 _aJ120159
035 _a(Sirsi) u120159
041 _aeng
050 _a333.00711
110 _aRoyal Institution of Chartered Surveyors
_94900
245 4 _aThe RICS prospectus of surveying education : higher education courses in land, property and construction
250 _a6th ed.
260 _aWallingford
_bGTI
_c2002
300 _a80p.
_b21cm.
350 _a0
520 _aFeatures a listing of over 205 RICS accredited courses worldwide: information on undergraduate and postgraduate courses of interest to students and professionals. Copies of this publication are available free from the RICS contact centre. SUPERSEDES 5TH ED.(ISBN: 1843180146).
650 _aHIGHER EDUCATION
650 _aPOSTGRADUATE COURSES
650 _aRICS ACCREDITED COURSES
650 _aSURVEYING COURSES
650 _aCAREERS, EDUCATION AND TRAINING
690 _aEDUCATION-CAREERS
942 _n0
999 _c102490
_d102490